La construcción del currículum y su impacto en la identidad territorial (Record no. 63683)
[ view plain ]
| 000 -CABECERA | |
|---|---|
| campo de control de longitud fija | 03141nmm a22003857a 4500 |
| 001 - NÚMERO DE CONTROL | |
| campo de control | 046816 |
| 003 - IDENTIFICADOR DEL NÚMERO DE CONTROL | |
| campo de control | UAHC_CL |
| 005 - FECHA Y HORA DE LA ÚLTIMA TRANSACCIÓN | |
| campo de control | 20260507122404.0 |
| 007 - CAMPO FIJO DE DESCRIPCIÓN FÍSICA--INFORMACIÓN GENERAL | |
| campo de control de longitud fija | ta |
| 008 - DATOS DE LONGITUD FIJA--INFORMACIÓN GENERAL | |
| campo de control de longitud fija | 260507s2024 cl o d000 spspa d |
| 040 ## - FUENTE DE LA CATALOGACIÓN | |
| Centro catalogador/agencia de origen | UAHC_CL |
| Centro/agencia transcriptor | UAHC_CL |
| Centro/agencia modificador | UAHC_CL |
| 100 ## - ENTRADA PRINCIPAL--NOMBRE DE PERSONA | |
| Nombre de persona | Sánchez Moreno, Sebastián |
| 9 (RLIN) | 23448 |
| 245 13 - MENCIÓN DE TÍTULO | |
| Título | La construcción del currículum y su impacto en la identidad territorial |
| Mención de responsabilidad, etc. | Sebastián Sánchez Moreno ; profesor guía Fabian E. González Calderón. |
| 264 ## - PRODUCCIÓN, PUBLICACIÓN, DISTRIBUCIÓN, FABRICACIÓN Y COPYRIGHT | |
| Producción, publicación, distribución, fabricación y copyright | Santiago, Chile : |
| Nombre del de productor, editor, distribuidor, fabricante | Universidad Academia de Humanismo Cristiano, |
| Fecha de producción, publicación, distribución, fabricación o copyright | 2024. |
| 300 ## - DESCRIPCIÓN FÍSICA | |
| Extensión | 57 páginas. |
| 500 ## - NOTA GENERAL | |
| Nota general | Tesis para optar al grado de Licenciado en Educación y al Título de Profesor en Educación Media de Historia y Ciencias Sociales. |
| 502 ## - NOTA DE TESIS | |
| Nota de tesis | Tesis (Pedagogía en Historia) -- Universidad Academia de Humanismo Cristiano, 2024. |
| 516 ## - NOTA DE TIPO DE ARCHIVO DE ORDENADOR O DE DATOS | |
| Nota de tipo de archivo de ordenador o de datos | Tesis electrónica (PDF). Solicitar envío de documento a biblioteca@academia.cl. |
| 520 ## - SUMARIO, ETC. | |
| Sumario, etc. | El presente trabajo aborda la relevancia del contexto curricular en el sistema educativo chileno, destacando la coexistencia de diversas realidades culturales y territoriales que influyen en los procesos de enseñanza. Se plantea que los docentes enfrentan la disyuntiva entre seguir el currículum oficial o adaptarlo a las experiencias cotidianas de los estudiantes, promoviendo una enseñanza más contextualizada. Aunque han existido avances en esta línea, como el paso desde los Contenidos Mínimos Obligatorios a las Bases Curriculares, aún persiste una rigidez que limita la integración efectiva de los contextos locales.<br/>Esta situación contribuye a la reproducción de desigualdades, evidenciadas en la diferencia entre establecimientos céntricos y periféricos. Los primeros cuentan con mejores condiciones y logran mayores resultados académicos, mientras que los segundos, ubicados en contextos vulnerables urbanos o rurales, enfrentan mayores dificultades de acceso, recursos y continuidad educativa.<br/>El texto propone la contextualización curricular como una estrategia para reducir estas brechas, fortaleciendo el vínculo entre escuela, comunidad y experiencias del estudiantado. En este sentido, disciplinas como la historia pueden contribuir al rescate de identidades locales y memorias colectivas. Finalmente, la investigación busca analizar experiencias docentes y tensiones entre teoría y práctica, con el fin de aportar a la construcción de un sistema educativo más equitativo, pertinente y conectado con la realidad de los estudiantes. |
| 650 #0 - PUNTO DE ACCESO ADICIONAL DE MATERIA--TÉRMINO DE MATERIA | |
| Término de materia o nombre geográfico como elemento de entrada | Educación |
| Subdivisión general | Currículum |
| 9 (RLIN) | 6501 |
| 650 #0 - PUNTO DE ACCESO ADICIONAL DE MATERIA--TÉRMINO DE MATERIA | |
| Término de materia o nombre geográfico como elemento de entrada | Política educativa |
| 9 (RLIN) | 4263 |
| 650 #0 - PUNTO DE ACCESO ADICIONAL DE MATERIA--TÉRMINO DE MATERIA | |
| Término de materia o nombre geográfico como elemento de entrada | Educación |
| Subdivisión general | Aspectos sociales |
| 9 (RLIN) | 48 |
| 650 #0 - PUNTO DE ACCESO ADICIONAL DE MATERIA--TÉRMINO DE MATERIA | |
| Término de materia o nombre geográfico como elemento de entrada | Educación multicultural |
| 9 (RLIN) | 434 |
| 650 #0 - PUNTO DE ACCESO ADICIONAL DE MATERIA--TÉRMINO DE MATERIA | |
| Término de materia o nombre geográfico como elemento de entrada | Prácticas de la enseñanza |
| 9 (RLIN) | 5994 |
| 650 #0 - PUNTO DE ACCESO ADICIONAL DE MATERIA--TÉRMINO DE MATERIA | |
| Término de materia o nombre geográfico como elemento de entrada | Escuelas comunitarias |
| 9 (RLIN) | 23449 |
| 650 #0 - PUNTO DE ACCESO ADICIONAL DE MATERIA--TÉRMINO DE MATERIA | |
| Término de materia o nombre geográfico como elemento de entrada | Historia |
| Subdivisión general | Enseñanza |
| 9 (RLIN) | 12264 |
| 653 ## - TÉRMINO DE INDIZACIÓN--NO CONTROLADO | |
| Término no controlado | Adaptación curricular |
| 653 ## - TÉRMINO DE INDIZACIÓN--NO CONTROLADO | |
| Término no controlado | Contexto sociocultural |
| 653 ## - TÉRMINO DE INDIZACIÓN--NO CONTROLADO | |
| Término no controlado | Educación pública |
| 653 ## - TÉRMINO DE INDIZACIÓN--NO CONTROLADO | |
| Término no controlado | Educación en contextos vulnerables |
| 653 ## - TÉRMINO DE INDIZACIÓN--NO CONTROLADO | |
| Término no controlado | Brechas educativas |
| 700 ## - PUNTO DE ACCESO ADICIONAL--NOMBRE DE PERSONA | |
| Nombre de persona | González Calderón, Fabián |
| 9 (RLIN) | 6109 |
| Término indicativo de función/relación | profesor guía |
| 900 ## - ELEMENTOS DE DATOS A LOCAL, LDA (RLIN) | |
| Nombre de persona | TPHIS 266 |
| 942 ## - ELEMENTOS DE PUNTO DE ACCESO ADICIONAL (KOHA) | |
| Tipo de ítem Koha | Tesis |
| Fuente del sistema de clasificación o colocación | Dewey Decimal Classification |
| Estado de retiro | Estado de pérdida | Estado dañado | No para préstamo | Código de colección | Carrera | Localización permanente | Ubicación/localización actual | Ubicación en estantería | Fecha de adquisición | Total de préstamos | Signatura topográfica completa | Fecha visto por última vez | Precio válido a partir de | Tipo de ítem Koha | Nota pública |
|---|---|---|---|---|---|---|---|---|---|---|---|---|---|---|---|
| Bibliografía Complementaria | Pedagogía en Historia y Ciencias Sociales | Biblioteca Central | Biblioteca Central | Colección Digital | 2026-05-07 | TPHIS 266 | 2026-05-07 | 2026-05-07 | Tesis | Documento en PDF |
